Ultimate WW2 tank quiz - Statistics

General Stats
  • This quiz has been taken 448 times
  • The average score is 27 of 50
Answer Stats
Picture Answer % Correct
Tiger 1
93%
Tiger 2
88%
Sherman
87%
T34 85
85%
Is 2
84%
Cromwell
80%
Stug 4
79%
Maus
77%
Panzer 3
74%
Stug 3
74%
Panther
72%
Kv 2
71%
Panzer 2
71%
Kv 1
69%
M3 lee
65%
Is 1
64%
Churchill
63%
Puma
62%
Hetzer
59%
Panzer 1
59%
M3 stuart
58%
Jagdpanther
57%
M18 hellcat
56%
Bt7
55%
Nashorn
55%
Marder 3
54%
Ostwind
53%
M10
52%
Matilda 2
52%
T 26
52%
Jagdpanzer 4
51%
L3/35
51%
M26 pershing
51%
Char b1
49%
Crusader
48%
Lvt
46%
T 26
46%
Panzer 38t
45%
Wirbelwind
41%
M22
38%
T 60
38%
Bob semple
36%
Panzer 35t
33%
Panzer 4 h
32%
Panzer 4 j
28%
Type 95
28%
Type 97
23%
Renault ft17
20%
Sherman easy eight
14%
Cruiser mk 1
11%
No matching quizzes found
Score Distribution
Percent of People with Each Score
Percentile by Number Answered
Your Score History
You have not taken this quiz